Normal view
MARC view
Entry Topical Term
001 - CONTROL NUMBER
- control field: 57433
003 - CONTROL NUMBER IDENTIFIER
- control field: OSt
005 - DATE AND TIME OF LATEST TRANSACTION
- control field: 20251017145635.0
008 - FIXED-LENGTH DATA ELEMENTS
- fixed length control field: 251017|| aca||aabn | a|a d
040 ## - CATALOGING SOURCE
- Original cataloging agency: OSt
- Transcribing agency: OSt
150 ## - HEADING--TOPICAL TERM
- Topical term or geographic name entry element: Disaster communication, Risk preparedness, Vested interesttheory, Kosi river.
670 ## - SOURCE DATA FOUND
- Source citation: Work cat.: (OSt): Rani, Sweta and Kumar, Dheeraj 57432, Disaster preparedness message design to enhance information processing and persuasion: A case of Kosi region
